Statistics for All Lyrics to Legally Blonde (Legally Blonde the Musical)

Click here to take the quiz!

General Stats

  • This quiz has been taken 153 times
  • The average score is 242 of 355

Answer Stats

HintAnswer% Correct
I
93%
a
92%
The
90%
the
90%
be
88%
Both | ElleYou
88%
you
88%
blonde.
87%
me
87%
me.
87%
me,
87%
and
86%
legally
86%
then
86%
to
86%
just
83%
EmmettWhat
83%
what
83%
what?
83%
back
82%
Back
82%
know
82%
know...
82%
know.
82%
my
82%
where
82%
in
81%
Who
81%
it
79%
it.
79%
it,
79%
so
79%
EmmettWe
79%
go.
78%
he
78%
Elle (spoken) | Emmett (spoken)He
78%
up
78%
let
77%
was
77%
that
76%
with
76%
I'm
75%
no
75%
before.
74%
for
74%
shore
74%
shore,
74%
sun,
74%
when
73%
But
71%
but
71%
love?
71%
love.
71%
of
71%
ElleTake
71%
about
70%
call,
70%
on
70%
say
70%
say,
70%
this?
70%
this
70%
are
69%
clear
69%
clear,
69%
very
68%
all
67%
drop
67%
EmmettElle,
67%
get
67%
books
66%
Leave
66%
pack
66%
That's
66%
what's
66%
Emmett (spoken)What's
66%
would
66%
your
66%
car
65%
left
65%
key.
64%
dignity,
63%
friends
63%
clothes,
62%
drive.
62%
going?
62%
I'd
62%
place.
62%
some
62%
ElleSome
62%
we'll
62%
Well
62%
fine
61%
hear,
61%
off
61%
small
61%
can
60%
could
60%
don't
60%
now
60%
own
60%
Thank
60%
thing
60%
best
59%
hit
59%
kissed
58%
known,
58%
Laugh
58%
out
58%
should
58%
they
58%
were
58%
room
57%
said
57%
top
57%
you've
57%
belong
56%
experience,
56%
meant
56%
pond.
56%
arrive,
55%
done.
55%
fail
55%
lead?
55%
fired
54%
made
54%
path
54%
treating
54%
Chalk
53%
decently.
53%
here,
53%
here.
53%
EmmettWait,
53%
wrong.
53%
wrong?
53%
did
52%
give
52%
case.
51%
disagreed.
51%
hello.
51%
stay.
51%
stay?
51%
down
50%
help
50%
hopeless
50%
ElleMaybe
50%
much
50%
never
50%
ElleThanks
50%
day
49%
visit
49%
everyone.
48%
have
48%
mentioned
48%
more
48%
more.
48%
ElleSorry
47%
timing's
47%
brought
46%
ElleIt's
46%
bad
45%
EmmettIf
45%
if
45%
letting
45%
not
44%
fight
43%
girls
43%
how
43%
ludicrous.
43%
please,
43%
EmmettPlease
43%
smile.
43%
Emmett (spoken)There
43%
want
43%
beach,
42%
is,
42%
right
42%
door?
41%
dream
41%
perhaps,
41%
trial,
41%
reach,
40%
wouldn't
40%
you're
40%
face
39%
ElleLie
39%
open
39%
need
38%
will
38%
within
38%
beyond.
37%
hard,
37%
both
36%
Cause
36%
stray
36%
reason
35%
worth
35%
she
33%
there's
32%
Emmett (spoken)He's
27%
Elle (spoken)Emmett,
26%
fix
22%
year.
21%
intern
20%
Elle (spoken)Callaghan
19%
Hey,
16%

Score Distribution

Percentile by Number Answered

Percent of People with Each Score

Your Score History

You have not taken this quiz